LEADER 01056nam0 2200289 450 001 000038299 005 20140904135548.0 010 $a0-19-281706-X 100 $a20140903d1985----km-y0itaa50------ba 101 0 $aeng 102 $aGB 200 1 $aUnder the Greenwood Tree$fThomas Hardy$gedited with an Introduction by Simon Gatrell 210 $aOxford ; New York$cOxford University Press$d1985 215 $aXXXIII, 218 p.$d19 cm 225 2 $a<> World's classics 410 0$12001$a<> World's classics 676 $a823.8$v(22. ed.)$9Narrativa inglese. Periodo vittoriano, 1837-1899 700 1$aHardy,$bThomas$0142510 702 1$aGatrell,$bSimon 801 0$aIT$bUniversitą della Basilicata - B.I.A.$gREICAT$2unimarc 912 $a000038299 996 $aUnder the Greenwood Tree$999898 997 $aUNIBAS BAS $aLETTERE CAT $aEXT016$b01$c20140904$lBAS01$h1355 FMT Z30 -1$lBAS01$LBAS01$mBOOK$1BASA1$APolo Storico-Umanistico$2DSLF$BCollezione DiSLF$3DF/E1395$63209$5F3209$820140904$f04$FPrestabile Didattica LEADER 02564nam 22004693 450 001 9910155479803321 005 20231110223314.0 010 $a1-101-96927-X 035 $a(CKB)3710000000975167 035 $a(MiAaPQ)EBC6045055 035 $a(Au-PeEL)EBL6045055 035 $a(OCoLC)1159163010 035 $a(BIP)55773386 035 $a(EXLCZ)993710000000975167 100 $a20210901d2016 uy 0 101 0 $aeng 135 $aurcnu|||||||| 181 $ctxt$2rdacontent 182 $cc$2rdamedia 183 $acr$2rdacarrier 200 10$aStar-Crossed Lovers 210 1$a :$cRandom House Publishing Group,$d2016. 210 4$d©2016. 215 $a1 online resource (173 pages) 225 1 $aOnce upon a Time ;$vv.6 330 $aBestselling author Kay Hooper puts a contemporary spin on Romeo and Juliet in this sweet, sexy Once Upon a Time novel. Joined by fate, two sworn enemies trade in corporate warfare for an earthshaking tropical fling.   On a Caribbean island far from the gleaming towers of Atlanta, Michele Logan's beach vacation takes a hellish turn when she's stranded on the side of the road--and who should appear as her knight in shining armor but Ian Stuart? Back in Georgia, their two powerful families are committed to destroying each other, at least in the business world. But under the moonlight in Martinique, Michele surrenders to the sizzling touch of a man who's supposed to be off-limits.   Ian doesn't know what's gotten into the head: the blue sea, the crystal-clear air. . . . Whatever it is, the moment he lays eyes on Michele, Ian lets himself get swept up in a primal dance of desire, a ritual even older than the feud between the Stuarts and the Logans. Night after magical night, Ian finds one more reason to hold on to Michele forever. But with sleazy corporate villains bent on destroying both families, a fairy-tale ending is nothing more than fantasy--unless Ian takes destiny into his own hands.   Includes an excerpt from another Loveswept title. 410 0$aOnce upon a Time 606 $aFICTION / Romance / Contemporary$2bisacsh 606 $aFICTION / Romance / Suspense$2bisacsh 606 $aFICTION / Women$2bisacsh 615 7$aFICTION / Romance / Contemporary 615 7$aFICTION / Romance / Suspense 615 7$aFICTION / Women 676 $a813/.54 700 $aHooper$b Kay$01247522 801 0$bMiAaPQ 801 1$bMiAaPQ 801 2$bMiAaPQ 906 $aBOOK 912 $a9910155479803321 996 $aStar-Crossed Lovers$93411170 997 $aUNINA